000 00460nam a2200133Ia 4500
008 100328s9999 xx 000 0 und d
082 _b31777
100 _aवरेरकर भार्गवराम विठ्ठल
245 _aमाझा नाटकी संसार
260 _bवसंत सराफ
630 _aमाझा नाटकी संसार
730 _aमाझा नाटकी संसार
942 _cBOOK
999 _c522601
_d522598